[Event "Mittelrhein Verbandsliga-S 17/18"]
[Site "Nordrheinwestfalen"]
[Date "2017.12.03"]
[Round "5.7"]
[White "Ebert, Mario"]
[Black "Kinnert, Dieter"]
[Result "1-0"]
[WhiteElo "1890"]
[BlackElo "1747"]
[PlyCount "73"]
[EventDate "2017.09.10"]
[EventType "team-tourn"]
[EventRounds "11"]
[EventCountry "GER"]
[SourceTitle "EXT 2022"]
[Source "ChessBase"]
[SourceDate "2021.10.06"]
[SourceVersion "1"]
[SourceVersionDate "2021.10.06"]
[SourceQuality "1"]
[WhiteTeam "Rheinbacher SF"]
[BlackTeam "Troisdorf"]
[WhiteTeamCountry "GER"]
[BlackTeamCountry "GER"]

1. e4 c6 2. d4 d5 3. Nc3 dxe4 4. Bc4 Nf6 5. f3 exf3 6. Nxf3 Bg4 7. Bxf7+ Kxf7 8. Ne5+ Ke8 9. Nxg4 Nxg4 10. Qxg4 Nd7 11. 0-0 Nf6 12. Qh4 h6 13. Be3 Qa5 14. Ne4 Qd5 15. Nxf6+ gxf6 16. b3 Rg8 17. Rf2 Rd8 18. c4 Qe6 19. Re2 Qg4 20. Qf2 Kf7 21. Rae1 h5 22. Bf4 Rd7 23. Re4 Qf5 24. Qe3 Rg4 25. h3 Rg6 26. Rf1 Qa5 27. Qe2 Bh6 28. Re5 Qc3 29. Bxh6 Qxd4+ 30. Qe3 Rxh6 31. Rxe7+ Kg6 32. Qxd4 Rxd4 33. Rxb7 Kg5 34. Rxa7 Rg6 35. Ra5+ Kh4 36. Kh2 Rd2 37. Rf4+ 1-0

[Event "Bad Godesberg op 17th"]
[Site "Bad Godesberg"]
[Date "2013.08.08"]
[Round "6"]
[White "Ebert, Mario"]
[Black "Opitz, Frank"]
[Result "1-0"]
[WhiteElo "2059"]
[BlackElo "1948"]
[PlyCount "75"]
[EventDate "2013.08.03"]
[EventType "swiss"]
[EventRounds "9"]
[EventCountry "GER"]
[SourceTitle "CBM 155 Extra"]
[Source "ChessBase"]
[SourceDate "2013.08.26"]
[SourceVersion "1"]
[SourceVersionDate "2013.08.26"]
[SourceQuality "1"]

1. e4 e6 2. d4 d5 3. e5 Qd7 4. Nf3 b6 5. c3 Ba6 6. Bxa6 Nxa6 7. Qe2 Nb8 8. 0-0 c5 9. Bf4 Nc6 10. Nbd2 Nge7 11. dxc5 bxc5 12. a3 Ng6 13. Bg3 c4 14. b3 cxb3 15. Nxb3 Rb8 16. Nbd4 Bc5 17. h4 0-0 18. h5 Nge7 19. h6 g6 20. Nxc6 Nxc6 21. Nd2 Qe7 22. Qg4 Qc7 23. Qf4 Ne7 24. Bh2 Qd8 25. g4 Nc6 26. Rfd1 f6 27. Qa4 Nxe5 28. Bg3 Rb7 29. c4 Qe8 30. Qa6 Qc6 31. Qxc6 Nxc6 32. cxd5 exd5 33. Rac1 Rb5 34. a4 Ra5 35. Nb3 Nd4 36. Nxd4 Bb6 37. Ra1 Rc8 38. Nb3 1-0

[Event "Bad Godesberg op 16th"]
[Site "Bad Godesberg"]
[Date "2012.07.14"]
[Round "8"]
[White "Koenig, Christian"]
[Black "Ebert, Mario"]
[Result "1-0"]
[WhiteElo "2104"]
[BlackElo "2052"]
[PlyCount "73"]
[EventDate "2012.07.07"]
[EventType "swiss"]
[EventRounds "9"]
[EventCountry "GER"]
[SourceTitle "CBM 149 Extra"]
[Source "ChessBase"]
[SourceDate "2012.08.24"]
[SourceVersion "1"]
[SourceVersionDate "2012.08.24"]
[SourceQuality "1"]

1. e4 Nc6 2. d4 d5 3. exd5 Qxd5 4. Nf3 Bg4 5. Be2 e6 6. a3 Nf6 7. c4 Qh5 8. Be3 Be7 9. Nbd2 0-0 10. h3 Rfd8 11. Qa4 e5 12. d5 Nd4 13. Nxd4 exd4 14. Bxg4 Nxg4 15. Bxd4 Bf6 16. 0-0 Bxd4 17. hxg4 Qxg4 18. Rae1 Qf4 19. Qc2 Re8 20. Nf3 Bf6 21. Qa4 Red8 22. Re2 g5 23. Rfe1 g4 24. Re4 Qf5 25. Nd4 Qg6 26. Qd1 h5 27. R1e3 c6 28. Qb3 b5 29. Nxc6 bxc4 30. Qxc4 Rdc8 31. b4 Bg5 32. Re1 Kg7 33. b5 Kh6 34. d6 Rf8 35. Qd5 Rad8 36. d7 Qg7 37. Nxd8 1-0

[Event "Bad Godesberg op 15th"]
[Site "Bad Godesberg"]
[Date "2011.07.30"]
[Round "8"]
[White "Ebert, Mario"]
[Black "Martin, Heiko"]
[Result "1-0"]
[WhiteElo "1922"]
[BlackElo "1664"]
[PlyCount "63"]
[EventDate "2011.07.23"]
[EventType "swiss"]
[EventRounds "9"]
[EventCountry "GER"]
[SourceTitle "EXT 2017"]
[Source "ChessBase"]
[SourceDate "2016.10.25"]
[SourceVersion "1"]
[SourceVersionDate "2016.10.25"]
[SourceQuality "1"]

1. e4 c5 2. d4 cxd4 3. Nf3 Nc6 4. Nxd4 g6 5. Bc4 Bg7 6. Nb5 a6 7. N5c3 Nf6 8. 0-0 b5 9. Bd5 Qc7 10. Be3 0-0 11. Nd2 e6 12. Bb3 Bb7 13. f4 Na5 14. e5 Nxb3 15. Nxb3 Nd5 16. Nxd5 Bxd5 17. Rc1 Rfc8 18. Qd2 d6 19. exd6 Qxd6 20. c3 Rd8 21. Rcd1 Rac8 22. Qf2 Qe7 23. Bc5 Qc7 24. Bb6 Qb7 25. Bxd8 Rxd8 26. Rd2 Rc8 27. Rfd1 b4 28. c4 Be4 29. Rd8+ Bf8 30. Nc5 Rxd8 31. Rxd8 Qb6 32. Rxf8+ 1-0

[Event "Godesburg op 3rd"]
[Site "Bonn"]
[Date "1999.06.26"]
[Round "8"]
[White "Mueller Using, Detlev"]
[Black "Ebert, Mario"]
[Result "1-0"]
[WhiteElo "2019"]
[BlackElo "1960"]
[PlyCount "55"]
[EventDate "1999.06.18"]
[EventType "swiss"]
[EventRounds "9"]
[EventCountry "GER"]
[SourceTitle "EXT 2008"]
[Source "ChessBase"]
[SourceDate "2007.11.25"]
[SourceVersion "1"]
[SourceVersionDate "2007.11.25"]
[SourceQuality "1"]

1. e4 e5 2. Nc3 Nf6 3. f4 d5 4. fxe5 Nxe4 5. Nf3 Bg4 6. Be2 Nc6 7. d4 Bxf3 8. Bxf3 Qh4+ 9. g3 Nxc3 10. bxc3 Qd8 11. Rb1 Na5 12. 0-0 Be7 13. e6 0-0 14. Bg4 f6 15. Bf4 c6 16. Qe2 b5 17. h4 Nc4 18. Bf5 Qe8 19. h5 Nd6 20. g4 g6 21. hxg6 hxg6 22. Bd3 g5 23. Bxd6 Bxd6 24. Kg2 Rc8 25. Rh1 f5 26. Rh6 Kg7 27. Rbh1 Rc7 28. gxf5 1-0

[Event "Godesburg op 3rd"]
[Site "Bonn"]
[Date "1999.06.23"]
[Round "5"]
[White "Ebert, Mario"]
[Black "Breder, Dennis"]
[Result "0-1"]
[WhiteElo "1960"]
[BlackElo "2269"]
[PlyCount "52"]
[EventDate "1999.06.18"]
[EventType "swiss"]
[EventRounds "9"]
[EventCountry "GER"]
[SourceTitle "EXT 2008"]
[Source "ChessBase"]
[SourceDate "2007.11.25"]
[SourceVersion "1"]
[SourceVersionDate "2007.11.25"]
[SourceQuality "1"]

1. e4 c5 2. Nf3 Nc6 3. d4 cxd4 4. Nxd4 Nf6 5. Nc3 d6 6. Bc4 Bd7 7. Bb3 g6 8. f3 Nxd4 9. Qxd4 Bg7 10. Be3 0-0 11. Qd2 b5 12. 0-0-0 a5 13. a4 b4 14. Nd5 Nxd5 15. Bxd5 Rc8 16. Bb3 Qe8 17. Kb1 Bxa4 18. Bd4 Bxd4 19. Qxd4 Qc6 20. Qd2 Bxb3 21. cxb3 a4 22. Rc1 Qa6 23. Rxc8 Rxc8 24. Qd1 a3 25. Qf1 Qa7 26. Qg1 Rc5 0-1